The tin soldier

Bibliographic Details
Format: Book

MARC

LEADER 00000cam a2200000 7i4500
001 0000009301
002 000010131
005 20000330.0
020 |a T000000754 
090 0 0 |a JF   |b TIN 
245 0 4 |a The tin soldier 
999 |a 043730   |b BUKU   |c PINJAMAN   |e PERPUSTAKAAN KOMUNITI PETALING JAYA